000 00428nam a22001457a 4500
008 250716b |||||||| |||| 00| 0 eng d
020 _a9780743484268
050 _aBJ 1661
_b.C68
100 _aCovey Sean
245 _aThe 7 habits of highly effective Teenagers
260 _alondon
_bSimon $ Schuster ukltd
_c1988
300 _axiv,274P.
_bill.
650 _aTeenager conduct of life
_vSuccess psychological aspects
942 _cBK
999 _c4326
_d4326